| 000 | 00708nam a2200181 a 4500 | ||
|---|---|---|---|
| 001 | 000023300 | ||
| 005 | 20200930022125.0 | ||
| 008 | 101201s1973 ck r 000 c spa d | ||
| 040 |
_aDO-SdBNP _bspa _cBNPHU |
||
| 082 |
_axxx _bC965h |
||
| 245 | 1 | 0 | _aCuentos hebreos contemporáneos . |
| 260 |
_aBogotá : _bInstituto Colombiana de Cultura, _c1973. |
||
| 300 |
_a110 p. ; _c17 cm. |
||
| 440 | 0 |
_aBiblioteca Colombiana de Cultura. Popular, _v114 _947976 |
|
| 505 | 0 |
_aBerta / _aA. Appelfeld. _aEl paseo vespertino de Yatir / _aA. B. Iehoschva. _aLas muertes de mi padre / _aI. Amijai. _aLa historia de una luciérnaga / _aP. Sadé |
|
| 830 | 0 |
_aBiblioteca Colombiana de Cultura. Popular, _v114 _947976 |
|
| 049 | _aBNGR | ||
| 999 |
_c22797 _d22797 |
||